| 000 | 00697cam a2200241 4500 | ||
|---|---|---|---|
| 001 | 1729536 | ||
| 003 | GBCCL | ||
| 005 | 20241126110359.0 | ||
| 008 | 720516s1971 ilu 000 0 eng | ||
| 010 | _a 73183269 | ||
| 020 |
_a0842373500 _a0842373519 (pbk.) |
||
| 040 |
_aDLC _cDLC _dDLC |
||
| 050 | 0 | 0 |
_aBV4501.2 _b.S285 |
| 082 | 0 | 0 |
_a248.4 _bSCH |
| 100 | 1 |
_aSchaeffer, Francis A. _q(Francis August) _9441 |
|
| 245 | 1 | 0 |
_aTrue spirituality _c[by] Francis A. Schaeffer. |
| 260 |
_aWheaton, Ill., _bTyndale House Publishers _c[1971] |
||
| 300 |
_a180 p. _c22 cm. |
||
| 350 | _a$3.50 | ||
| 650 | 0 |
_aSpirituality. _9608 |
|
| 906 |
_a7 _bcbc _corignew _d2 _encip _f19 _gy-gencatlg |
||
| 942 |
_2ddc _cBK _01 |
||
| 999 |
_c1340 _d1340 |
||